| 000 | 01365nam a2200277 c 4500 | ||
|---|---|---|---|
| 001 | 000030441 | ||
| 003 | RuMoIPM | ||
| 005 | 20260429120938.0 | ||
| 008 | 230210s1970 ru ||||||| |||| ||rus d | ||
| 035 | _a(RuMoBEN) 001956676 | ||
| 035 | _a(ELAR retro) [2022] 000025646 | ||
| 040 |
_aRuMoBEN _brus _ercr |
||
| 041 | 0 | _arus | |
| 044 | _aru | ||
| 080 | _a517.54+517.944/.947 | ||
| 245 | 1 | 0 |
_aНекоторые проблемы математики и механики _bк 70-летию со дня рождения акад. М. А. Лаврентьева : [сборник статей] _cред. коллегия: П. П. Белинский, Н. Н. Боголюбов (отв. редакторы) [и др.] |
| 260 |
_aЛенинград _bНаука _c1970 |
||
| 300 |
_a286 с., [1] л. портр. _bил. |
||
| 500 | _aВ надзаг.: Академия наук СССР. Сибирское отделение | ||
| 504 | _aСписок печатных трудов акад. М.А. Лаврентьева / сост. Л.Д. Вакуленко | ||
| 504 | _aБиблиогр. в конце ст. | ||
| 600 | 1 |
_aЛаврентьев, Михаил Алексеевич _d1900-1980 |
|
| 700 | 1 |
_aБелинский, Павел Петрович _eред. |
|
| 700 | 1 |
_aБоголюбов, Николай Николаевич _eред. |
|
| 942 | _cBK | ||
| 999 |
_c30441 _d30441 |
||